| 000 | 00915nam a2200265Ia 4500 | ||
|---|---|---|---|
| 003 | GCL | ||
| 008 | 140319s9999 xx 000 0 ara d | ||
| 040 |
_aGCL / _cGCL |
||
| 082 | 0 | 4 |
_a330.9 _bأ ت |
| 100 | 1 | _aارنولد، دانييل | |
| 245 | 1 | 0 |
_aتحليل الازمات الاقتصادية للامس واليوم / _cارنولد، دانييل |
| 700 | 1 | _aعبدالامير ز. شمس الدين | |
| 250 | _aالاولى | ||
| 260 |
_aبيروت : _bالمؤسسة الجامعية للدراسات والنشر والتوزيع ، _c1992 |
||
| 300 |
_a247 ص ؛ _c24 سم |
||
| 650 | 0 | 4 | _aمصر |
| 650 | 0 | 4 | _aالاقتصاد |
| 650 | 0 | 4 | _aالاحوال الاقتصادية |
| 650 | 0 | 4 | _aالاجتماع |
| 650 | 0 | 4 | _aالاجور |
| 650 | 0 | 4 | _aراس المال |
| 650 | 0 | 4 | _aالاجتماع الاقتصادى |
| 650 | 0 | 4 | _aالارباح التجارية |
| 942 |
_2ddc _cBK |
||
| 999 |
_c58668 _d58668 |
||